| 000 | 01077nam a22003857a 4500 | ||
|---|---|---|---|
| 001 | BR2023000268 | ||
| 003 | BR-BrBNA | ||
| 005 | 20230928105719.0 | ||
| 007 | ta | ||
| 008 | 230509b bl.||||| |||| 00| 0 por d | ||
| 020 | _a978-85-7035-385-6 | ||
| 040 |
_aBR-BrBNA _bpor _cBiblioteca Nacional de Agricultura |
||
| 041 | _a(Por) | ||
| 072 |
_aF01; H10; H20 _b1540 |
||
| 090 | _ 1540 BR2023000268 | ||
| 100 | 1 | _aSantos, V. da S. | |
| 100 | 1 | _aAlmeida, M.J. de O. | |
| 110 | 1 | _aEmbrapa Mandioca e Fruticultura, Cruz das Almas, BA (Brasil) | |
| 245 | 1 |
_aBiofortificação: mandioca BRS Jari _bBioFort: saúde na mesa do brasileiro |
|
| 260 | 3 |
_aBrasília, DF (Brasil): _bEmbrapa, _c2014. |
|
| 300 | _a32 p. | ||
| 500 | _a7 illus. | ||
| 650 | _aMANDIOCA | ||
| 650 | _aTUBÉRCULO | ||
| 650 | _aMANIVA | ||
| 650 | _aADUBAÇÃO | ||
| 650 | _aPLANTIO | ||
| 650 | _aPRÁTICA CULTURAL | ||
| 650 | _aDOENÇA DE PLANTA | ||
| 650 | _aPRAGA DE PLANTA | ||
| 650 | _aCOLHEITA | ||
| 650 | _aPÓS-COLHEITA | ||
| 909 |
_a202309 _bLucia _c55 _dLucia Elande |
||
| 942 | _cBK | ||
| 999 |
_c86321 _d86321 |
||